Statistics for Top 100 Games of the 2010s

Click here to take the quiz!

General Stats

  • This quiz has been taken 37 times
  • The average score is 18 of 100

Answer Stats

#GameYear% Correct
65Grand Theft Auto Online2013
88%
10Fortnite Battle Royale2017
65%
1Minecraft2011
65%
7P.T.2014
65%
59The Last Of Us2013
65%
35Red Dead Redemption 1 & 22010/19
50%
2The Legend of Zelda: Breath of the Wild2017
50%
30Assassin's Creed Odyssey2018
46%
73Mario Kart 82014
42%
19Overwatch2016
42%
50The Elder Scrolls V: Skyrim2011
42%
9The Witcher 3: Wild Hunt2015
42%
70Diablo III2012
38%
27Doom2016
38%
38God of War2018
38%
28Portal 22011
38%
47Dota 2 Auto Chess2019
35%
45FIFA 172016
35%
6League of Legends2009
35%
5Pokemon Go2016
35%
17Persona 4 Golden2012
31%
11PlayerUnknown's Battlegrounds2017
31%
90Resident Evil 72017
31%
14Super Mario 3D World2013
31%
52Undertale2015
31%
26Dishonored 22016
27%
46Fallout: New Vegas2010
27%
54Final Fantasy XIV: A Realm Reborn2010/13
27%
91The Walking Dead2012
27%
8Dark Souls2011
23%
37Destiny 22017
23%
97Fire Emblem: Three Houses2019
23%
39Firewatch2016
23%
51Limbo & Inside2010/16
23%
72Mass Effect 22010
23%
68Metal Gear Solid 5: The Phantom Pain2015
23%
23Rocket League2015
23%
22Stardew Valley2016
23%
36Titanfall 22016
23%
82XCOM 2: War of the Chosen2016
23%
79Animal Crossing: New Leaf2012
19%
21Counter-Strike: Global Offensive2012
19%
95Cuphead2017
19%
55Hollow Knight2017
19%
48No Man's Sky2016
19%
94What Remains of Edith Finch2017
19%
57Civilization VI2016
15%
20Journey2012
15%
88Monster Hunter: World2018
15%
43Superhot2016
15%
96Super Mario Maker2015
15%
40Celeste2018
12%
53Death Stranding2019
12%
99Life is Strange2015
12%
25Outer Wilds2019
12%
69The Witness2016
12%
60Bayonetta 22014
8%
75Beat Saber2019
8%
4Kentucky Route Zero2013-20
8%
16Nier: Automata2017
8%
83Papers, Please2013
8%
71Warframe2013
8%
31Bloodborne2015
4%
87Control2019
4%
84Flappy Bird2013
4%
29Florence2018
4%
85FTL: Faster Than Light2012
4%
13Gone Home2013
4%
77Gorogoa2017
4%
18Her Story2015
4%
89Middle-Earth: Shadow of Mordor2014
4%
41NBA 2K122011
4%
12Return of the Obra Dinn2018
4%
49Sea of Thieves2018
4%
3Spelunky2012
4%
62Super Street Fighter 42010
4%
34Tetris Effect2018
4%
63The Jackbox Party Pack 1-62014-19
4%
92Device 62013
0%
32Divinity: Original Sin 22014
0%
66Doki Doki Literature Club2017
0%
15Everything2017
0%
61Frog Fractions2012
0%
76Gravity Rush 22017
0%
56Into The Breach2018
0%
64Johann Sebastian Joust2014
0%
33Kerbal Space Program2015
0%
86Kim Kardashian: Hollywood2014
0%
81Oxenfree2016
0%
98Slay the Spire2019
0%
58Subsurface Circular2017
0%
78The Stanley Parable2011
0%
42The works of Michael Brough2011-
0%
44Thumper2016
0%
80Tiger Woods PGA Tour 132012
0%
93Total War: Three Kingdoms2019
0%
24Towerfall2013
0%
74Two Dots2014
0%
67Universal Paperclips2017
0%
100Virginia2016
0%

Score Distribution

Percentile by Number Answered

Percent of People with Each Score

Your Score History

You have not taken this quiz